A dragon in sheep's clothing? (Record no. 74009)

MARC details
000 -LEADER
fixed length control field 01526cab a2200229 4500
001 - CONTROL NUMBER
control field ABS67358
008 - FIXED-LENGTH DATA ELEMENTS--GENERAL INFORMATION
fixed length control field 040105n2003 000 0 eng u
035 ## - SYSTEM CONTROL NUMBER
System control number (Sirsi) u124706
100 ## - MAIN ENTRY--PERSONAL NAME
Personal name Harris, N.
245 #2 - TITLE STATEMENT
Title A dragon in sheep's clothing?
260 ## - PUBLICATION, DISTRIBUTION, ETC.
Date of publication, distribution, etc. 2003
490 ## - SERIES STATEMENT
Series statement Town & Country Planning
Volume/sequential designation 72(10) November 2003, 317-320(4)
520 ## - SUMMARY, ETC.
Summary, etc. Outlines and analyses the content of the "People, places, future: the Wales spatial plan", the first consultation draft aimed at providing a national spatial planning framework for Wales. Includes details of the National Spatial Perspective an important part of the plan which maps out in a schematic way four different zones within Wales and eight different areas. The plan highlights the attributes of each of the four zones and proceeds to identify what this means for that zone in relation to the Welsh Assembly's objectives of building sustainable communities, valuing the environment, increasing and spreading prosperity and achieving sustainable accessibility. The consultation period ends on the 31 January 2004. View Wales spatial plan at www.spatialplan.wales.gov.uk
590 ## - LOCAL NOTE (RLIN)
Local note ABS
650 ## - SUBJECT ADDED ENTRY--TOPICAL TERM
Topical term or geographic name entry element WALES
650 ## - SUBJECT ADDED ENTRY--TOPICAL TERM
Topical term or geographic name entry element SPATIAL PLANNING
650 ## - SUBJECT ADDED ENTRY--TOPICAL TERM
Topical term or geographic name entry element SUSTAINABLE COMMUNITIES
690 ## - LOCAL SUBJECT ADDED ENTRY--TOPICAL TERM (OCLC, RLIN)
Topical term or geographic name as entry element ENVIRONMENTAL AND LAND CONSULTANCY-PLANNING AND DEVELOPMENT
700 ## - ADDED ENTRY--PERSONAL NAME
Personal name Hooper, A.
856 ## - ELECTRONIC LOCATION AND ACCESS
Uniform Resource Identifier <a href="https://www.wales.gov.uk/themesspatialplan/index.htm">https://www.wales.gov.uk/themesspatialplan/index.htm</a>
Public note View "People, places, future: the Wales spatial plan" on the Welsh Assembly Government website...
942 ## - ADDED ENTRY ELEMENTS (KOHA)
Suppress in OPAC 0
Holdings
Withdrawn status Lost status Source of classification or shelving scheme Damaged status Not for loan Home library Current library Shelving location Date acquired Total Checkouts Full call number Barcode Date last seen Copy number Price effective from Koha item type
    Dewey Decimal Classification     London London Journal article 05/01/2004   ABS67358 124706-1001 06/08/2019 1 06/08/2019 Journal article